000 00319nam a22001457a 4500
003 SGT
020 _a978-1-138-92591-5
082 _a616.89
_bC17S
100 _aSTRELTZER, JON
245 _aCULTURE AND PSYCHOPATHOLOGY
250 _a2ND
260 _aNEW YORK
_bROUTLEDGE
_c2017
300 _a208
942 _2ddc
_cBK
999 _c18149
_d18149